000 00619nam a2200205Ia 4500
001 18946
003 GE_BSU
008 181216s||||||||xx |||||||||||||| ||und||
040 _cGE_BSU
245 _aКлиническая медицина:CLINICAL MEDICINE .Том 94. №4, 2016.
245 _cГл. ред. В.Б.Симоненко.
250 _aнаучно-практический журнал
260 _aМосква
260 _bмедицина
260 _c2016
300 _a320стр;ил,29см.
653 _aКлиническая медицина
653 _aМедицина
942 _cCR
999 _c51945
_d51945